| 000 | 00874cam a22002895a 4500 | ||
|---|---|---|---|
| 001 | 009386848 | ||
| 005 | 20201128024232.0 | ||
| 008 | 840604s1984 enka fr 001 0 eng d | ||
| 020 | _a0039105245 | ||
| 020 | _a9780039105242 | ||
| 040 |
_aUk _cUk _beng _dEG-ScBUE |
||
| 082 | 0 | 4 |
_a658 _222 _bGAF |
| 100 | 1 | _aGaffen, Daphne H. | |
| 245 | 1 | 0 |
_aAdministration in business / _cDaphne H. Gaffen. |
| 250 | _a2nd ed. | ||
| 260 |
_aLondon : _bHolt Rinehart and Winston, _c1984. |
||
| 300 |
_axiii, 283 p. : _bill. ; _c22 cm. |
||
| 490 | 0 | _aHolt business texts | |
| 500 | _aIncludes bibliographical references and index. | ||
| 541 | _aDonation from David Kirby. | ||
| 650 | 7 |
_aManagement. _2BUEsh _9553 |
|
| 650 | 7 |
_aBusiness. _2BUEsh _919142 |
|
| 651 | _2BUEsh | ||
| 653 |
_bGGEN _bBUSADM _cJanuary2018 |
||
| 690 | 7 |
_aManagement and Business Studies _2blcoll |
|
| 942 | _2ddc | ||
| 999 |
_c26049 _d26021 |
||